000 00679nam a2200205Ia 4500
003 GCL
008 140319s9999 xx 000 0 ara d
040 _aGCL /
_cGCL
082 0 4 _a780.92
_bع ا
100 1 _aعبدالحميد توفيق زكى
245 1 0 _aاعلام الموسيقى المصرية عبر 150 سنة /
_cعبدالحميد توفيق زكى
260 _a[S.N] :
_bالهيئة المصرية العامة للكتاب ،
_c1990
300 _a291 ص
490 _aسلسلة تاريخ المصريين
_v0
650 0 4 _aمصر
650 0 4 _aتاريخ
650 0 4 _aالتراجم
650 0 4 _aالموسيقيون - تراجم
942 _2ddc
_cBK
999 _c36362
_d36362